Statystyki dla Planety Układu Słonecznego (zaawansowany)

Kliknij tutaj aby rozwiązać quiz!

Ogólne statystyki

  • Ten quiz został rozwiązany 696 razy
  • Średni wynik to 19 z 48

Statystyki odpowiedzi

Lp.Odpowiedź% Poprawnych
4.Mars227,9
99%
1.Merkury57,9
99%
2.Wenus108,2
99%
3.Ziemia149,6
99%
5.Jowisz778,4
98%
8.Neptun4504,3
98%
6.Saturn1426,7
98%
7.Uran2871,0
98%
3.1,00
73%
4.1,88
62%
3.1
61%
1.0,24
59%
2.0,61
58%
4.2
57%
2.0
55%
1.0
55%
3.23,93
51%
5.gazowy olbrzym
48%
6.gazowy olbrzym
48%
5.11,86
44%
3.planeta skalista
40%
4.planeta skalista
39%
2.planeta skalista
39%
1.planeta skalista
39%
6.29,45
36%
7.84,01
24%
7.lodowy olbrzym
20%
8.lodowy olbrzym
20%
4.24,63
18%
8.164,79
17%
5.63
17%
8.13
15%
7.27
14%
6.56
11%
5.9,93
9%
1.2440
8%
2.6052
8%
6.10,66
7%
7.17,24
6%
8.16,11
5%
4.3397
5%
3.6378
5%
8.24 764
2%
7.25 559
2%
2.5832
2%
6.60 268
2%
5.71 492
2%
1.1408,8
1%

Rozkład punktacji

Percentyl według liczby udzielonych odpowiedzi

Procent ludzi z każdym wynikiem

Twoja historia wyników

Nie rozwiązałeś tego quizu